Slovenský bankový sektor a finančná kríza

Postavenie a vývoj slovenského bankového sektora v čase finančnej krízy. Analýzy základných kvantitatívnych a kvalitatívnych ukazovateľov za posledných päť rokov a dopad krízy na bankový sektor ako celok.

Enregistré dans:
Détails bibliographiques
Auteur principal: Tkáčová, Daniela, 1954-
Format: Chapitre de livre
Langue:slovaque
Sujets:
Tags: Ajouter un tag
Pas de tags, Soyez le premier à ajouter un tag!

MARC

LEADER 00000nla$a2200000$$$4500
001 0145334
005 20240502072620.0
041 0 |a slo 
044 |a SK 
245 1 0 |a Slovenský bankový sektor a finančná kríza  |c Dana Tkáčová 
520 |a Postavenie a vývoj slovenského bankového sektora v čase finančnej krízy. Analýzy základných kvantitatívnych a kvalitatívnych ukazovateľov za posledných päť rokov a dopad krízy na bankový sektor ako celok. 
610 2 0 |a bankovníctvo 
610 2 0 |a banky 
610 2 0 |a inštitúcie finančné 
610 2 0 |a služby bankové 
610 2 0 |a služby finančné 
610 2 0 |a solventnosť 
610 2 0 |a rentabilita 
610 2 0 |a likvidita 
610 2 0 |a riziko bankové 
610 2 0 |a kríza finančná 
610 2 0 |a analýzy 
610 2 0 |a Slovensko 
100 1 |a Tkáčová, Daniela, 1954-